[Event "Kavala op 09th"]
[Site "Kavala"]
[Date "2000.07.31"]
[Round "8"]
[White "Raptis, Georgios"]
[Black "Markidis, Konstantinos"]
[Result "0-1"]
[WhiteElo "2143"]
[BlackElo "2337"]
[PlyCount "162"]
[EventDate "2000.07.25"]
[EventType "swiss"]
[EventRounds "9"]
[EventCountry "GRE"]
[SourceTitle "EXT 2001"]
[Source "ChessBase"]
[SourceDate "2000.11.22"]
[SourceVersion "1"]
[SourceVersionDate "2000.11.22"]
[SourceQuality "1"]

1. e4 e6 2. Nc3 d5 3. Nf3 Nf6 4. e5 Nfd7 5. d4 c5 6. Ne2 Nc6 7. c3 Qb6 8. a3 a5 9. Nf4 cxd4 10. cxd4 Ndb8 11. Bd3 Bd7 12. Be3 a4 13. Ng5 g6 14. Qf3 Nd8 15. h4 Be7 16. Nxh7 Rxh7 17. h5 Bb5 18. Bc2 Bc4 19. 0-0-0 Rxh5 20. Nxh5 gxh5 21. Rxh5 Nbc6 22. Rh8+ Kd7 23. Rdh1 Bb3 24. Bxb3 Qxb3 25. Rd1 Rc8 26. Kb1 Bxa3 27. Bc1 Qxf3 28. gxf3 Bb4 29. Bg5 Ne7 30. Rc1 Rxc1+ 31. Kxc1 Be1 32. Be3 Nf5 33. Kc2 Nc6 34. Kd3 Ba5 35. Rf8 Ke7 36. Ra8 f6 37. f4 b5 38. Rh8 fxe5 39. fxe5 Bb6 40. Rh7+ Kd8 41. Rb7 Bxd4 42. Rxb5 Nxe5+ 43. Ke2 Nc4 44. Bc1 Be5 45. Rb4 Nd4+ 46. Kd1 Nb3 47. Rxa4 Nxc1 48. Kxc1 Bxb2+ 49. Kc2 Bd4 50. f3 Kd7 51. Ra6 Ke7 52. Kd3 Bb2 53. Ke2 Kf6 54. Ra8 Ke5 55. Re8 Bc1 56. Kd3 Bg5 57. Rg8 Kf5 58. Rf8+ Bf6 59. Ke2 d4 60. Rf7 d3+ 61. Kd1 Kg6 62. Rc7 Ne5 63. f4 Nf3 64. Rd7 Bd4 65. Rb7 Kf5 66. Rf7+ Bf6 67. Rf8 Kg6 68. Rg8+ Kf5 69. Rf8 Nh4 70. Ra8 Ng6 71. Ra5+ Kxf4 72. Ra6 Kf5 73. Kd2 Ne5 74. Ra5 Bg5+ 75. Kc3 Ke4 76. Ra4+ Ke3 77. Rd4 Bf6 78. Ra4 Ng4+ 79. Kb3 d2 80. Kc2 Nf2 81. Ra3+ Ke2 0-1

[Event "Kavala op 09th"]
[Site "Kavala"]
[Date "2000.07.29"]
[Round "6"]
[White "Botsari, Anna Maria"]
[Black "Raptis, Georgios"]
[Result "1/2-1/2"]
[WhiteElo "2325"]
[BlackElo "2143"]
[PlyCount "26"]
[EventDate "2000.07.25"]
[EventType "swiss"]
[EventRounds "9"]
[EventCountry "GRE"]
[SourceTitle "EXT 2001"]
[Source "ChessBase"]
[SourceDate "2000.11.22"]
[SourceVersion "1"]
[SourceVersionDate "2000.11.22"]
[SourceQuality "1"]

1. d4 Nf6 2. c4 e6 3. Nc3 Bb4 4. Qc2 0-0 5. a3 Bxc3+ 6. Qxc3 b6 7. Bg5 Bb7 8. f3 h6 9. Bh4 d5 10. e3 Nbd7 11. Nh3 c5 12. cxd5 Nxd5 13. Bxd8 Nxc3 1/2-1/2

[Event "Panormo zt"]
[Site "Panormo"]
[Date "1998.10.26"]
[Round "3"]
[White "Mastrovasilis, Athanasios"]
[Black "Raptis, Georgios"]
[Result "0-1"]
[WhiteElo "2315"]
[BlackElo "2140"]
[PlyCount "162"]
[EventDate "1998.10.24"]
[EventType "swiss"]
[EventRounds "11"]
[EventCountry "GRE"]
[SourceTitle "CBM 067 Extra"]
[Source "ChessBase"]
[SourceDate "1999.01.01"]
[SourceVersion "1"]
[SourceVersionDate "1999.01.01"]
[SourceQuality "1"]

1. d4 Nc6 2. c4 e5 3. e3 exd4 4. exd4 Bb4+ 5. Nc3 Nf6 6. Qe2+ Qe7 7. Qxe7+ Kxe7 8. Nf3 Re8 9. Bd3 Kf8+ 10. Be3 d6 11. 0-0-0 Bxc3 12. bxc3 Bg4 13. Rdg1 h6 14. h3 Bd7 15. g4 Ne4 16. Kc2 Na5 17. g5 h5 18. g6 f6 19. Re1 a6 20. Nh4 b5 21. c5 Nc4 22. Bxc4 bxc4 23. f3 Ng3 24. c6 Bc8 25. Rhg1 Nf5 26. Ng2 a5 27. Bc1 Ne7 28. Nf4 Bf5+ 29. Kd1 Nxc6 30. Rxe8+ Rxe8 31. Nxh5 Bxh3 32. Nf4 Bf5 33. Rh1 Kg8 34. Rg1 Rd8 35. Nh5 Ne7 36. Nf4 c6 37. Ba3 Nd5 38. Nxd5 cxd5 39. Kd2 Kf8 40. Rh1 Ke7 41. Rh2 Bxg6 42. Rg2 Kf7 43. Ke3 Re8+ 44. Kf4 Bh5 45. Rh2 g5+ 46. Kg3 Bg6 47. Kf2 Ke6 48. Kg3 Rb8 49. Re2+ Kd7 50. f4 gxf4+ 51. Kxf4 Rh8 52. Kg3 Bf5 53. Rh2 Rxh2 54. Kxh2 Bb1 55. Kg3 Bxa2 56. Kf4 Bb1 57. Kg4 Bg6 58. Kf4 Kc6 59. Kg4 Kd7 60. Bc1 Ke6 61. Ba3 Bc2 62. Kf4 Bd1 63. Bc1 Bc2 64. Ba3 Kf7 65. Bxd6 Kg6 66. Kg4 Bf5+ 67. Kf4 Bd7 68. Be7 a4 69. Bb4 Kh5 70. Be7 Bc8 71. Ba3 Kh4 72. Bd6 Kh3 73. Kf3 Bf5 74. Ba3 Be4+ 75. Kf2 Kg4 76. Bb4 Bg6 77. Bd6 Bh5 78. Ke3 f5 79. Kf2 f4 80. Ke2 Kf5+ 81. Kd2 Ke4 0-1

[Event "Panormo zt"]
[Site "Panormo"]
[Date "1998.10.25"]
[Round "2"]
[White "Raptis, Georgios"]
[Black "Nikolaidis, Konstantinos"]
[Result "1/2-1/2"]
[WhiteElo "2140"]
[BlackElo "2335"]
[PlyCount "50"]
[EventDate "1998.10.24"]
[EventType "swiss"]
[EventRounds "11"]
[EventCountry "GRE"]
[SourceTitle "CBM 067 Extra"]
[Source "ChessBase"]
[SourceDate "1999.01.01"]
[SourceVersion "1"]
[SourceVersionDate "1999.01.01"]
[SourceQuality "1"]

1. Nf3 Nf6 2. d4 g6 3. g3 Bg7 4. Bg2 0-0 5. 0-0 d6 6. c4 Nc6 7. d5 Na5 8. Nbd2 c5 9. Qc2 a6 10. a3 b5 11. e4 bxc4 12. Nxc4 Nxc4 13. Qxc4 Rb8 14. Re1 Nd7 15. Qc2 a5 16. Rb1 Ba6 17. b3 Rb7 18. Bb2 Bxb2 19. Rxb2 Qc7 20. Bh3 Rfb8 21. Reb1 Ra7 22. Qd2 Nf6 23. Qe3 Rab7 24. Nd2 Qd8 25. Qc3 Qc7 1/2-1/2

[Event "Chalkida op 2nd"]
[Site "Chalkida"]
[Date "1997.??.??"]
[Round "?"]
[White "Botsari, Anna Maria"]
[Black "Raptis, Georgios"]
[Result "1/2-1/2"]
[WhiteElo "2330"]
[BlackElo "2165"]
[PlyCount "21"]
[EventDate "1997.08.??"]
[EventType "swiss"]
[EventRounds "9"]
[EventCountry "GRE"]
[SourceTitle "EXT 2003"]
[Source "ChessBase"]
[SourceDate "2002.11.25"]
[SourceVersion "1"]
[SourceVersionDate "2002.11.25"]
[SourceQuality "1"]

1. d4 d5 2. c4 c6 3. cxd5 cxd5 4. Nc3 Nf6 5. Bf4 Nc6 6. e3 Bf5 7. Nf3 e6 8. Be2 Bd6 9. Bxd6 Qxd6 10. 0-0 0-0 11. a3 1/2-1/2

[Event "Chalkida op 2nd"]
[Site "Chalkida"]
[Date "1997.??.??"]
[Round "?"]
[White "Georgiev, Krum"]
[Black "Raptis, Georgios"]
[Result "1-0"]
[WhiteElo "2490"]
[BlackElo "2165"]
[PlyCount "77"]
[EventDate "1997.08.??"]
[EventType "swiss"]
[EventRounds "9"]
[EventCountry "GRE"]
[SourceTitle "EXT 2003"]
[Source "ChessBase"]
[SourceDate "2002.11.25"]
[SourceVersion "1"]
[SourceVersionDate "2002.11.25"]
[SourceQuality "1"]

1. e4 d5 2. exd5 Nf6 3. d4 Nxd5 4. c4 Nb6 5. Nf3 g6 6. Nc3 Bg7 7. c5 Nd5 8. Bc4 Nxc3 9. bxc3 0-0 10. 0-0 Nc6 11. Re1 Na5 12. Bf1 b6 13. Ba3 Re8 14. Ne5 Bb7 15. Bb5 c6 16. Bd3 f6 17. Nc4 b5 18. Nxa5 Qxa5 19. Qb3+ Kh8 20. Re6 Rad8 21. Rae1 Qc7 22. Be4 a5 23. Bb2 a4 24. Qc2 Qd7 25. Bf3 Ra8 26. a3 f5 27. h4 Bf6 28. h5 Qc7 29. Bc1 Kg7 30. g3 Ra6 31. h6+ Kf8 32. Bf4 Qd7 33. Qa2 Bh8 34. Bg5 b4 35. cxb4 Bxd4 36. Rxe7 Rxe7 37. Bxe7+ Qxe7 38. Rxe7 Kxe7 39. Qg8 1-0

[Event "Ano Liosia op"]
[Site "Athens"]
[Date "1997.??.??"]
[Round "8"]
[White "Luther, Thomas"]
[Black "Raptis, Georgios"]
[Result "1-0"]
[WhiteElo "2520"]
[BlackElo "2165"]
[PlyCount "43"]
[EventDate "1997.01.??"]
[EventType "swiss"]
[EventRounds "9"]
[EventCountry "GRE"]
[SourceTitle "EXT 1998"]
[Source "ChessBase"]
[SourceDate "1997.11.17"]
[SourceVersion "1"]
[SourceVersionDate "1997.11.17"]
[SourceQuality "1"]

1. e4 c5 2. Nf3 Nc6 3. d4 cxd4 4. Nxd4 Qc7 5. Nc3 e6 6. g3 a6 7. Bg2 Nf6 8. 0-0 h5 9. h3 h4 10. g4 Nxd4 11. Qxd4 Bc5 12. Qd3 Ba7 13. Be3 Bxe3 14. Qxe3 d6 15. Rad1 Bd7 16. Qd4 Ke7 17. Qb4 a5 18. Qa3 Rhd8 19. e5 Ne8 20. exd6+ Nxd6 21. Rfe1 Ra6 22. Nd5+ 1-0

[Event "Athens Akropolis op"]
[Site "Athens"]
[Date "1997.??.??"]
[Round "8"]
[White "Petraki, Maria"]
[Black "Raptis, Georgios"]
[Result "1-0"]
[WhiteElo "2040"]
[BlackElo "2165"]
[PlyCount "66"]
[EventDate "1997.??.??"]
[EventType "swiss"]
[EventRounds "9"]
[EventCountry "GRE"]
[SourceTitle "EXT 2001"]
[Source "ChessBase"]
[SourceDate "2000.11.22"]
[SourceVersion "1"]
[SourceVersionDate "2000.11.22"]
[SourceQuality "1"]

1. e4 d5 2. exd5 Nf6 3. Nf3 Nxd5 4. d4 g6 5. c4 Nb6 6. Nc3 Bg7 7. h3 0-0 8. Be2 Nc6 9. Be3 Na5 10. b3 c5 11. Rc1 Nc6 12. d5 Nd4 13. Nxd4 cxd4 14. Bxd4 e5 15. Be3 f5 16. 0-0 f4 17. Bc5 Rf7 18. Ba3 Bh6 19. Bf3 Bf5 20. c5 Nd7 21. d6 Qg5 22. Kh2 Nf6 23. Re1 Qh4 24. Rxe5 Qxf2 25. Qe1 Qg3+ 26. Kh1 Nd7 27. Re7 Rb8 28. Bd5 Rbf8 29. Rxf7 Qxe1+ 30. Rxe1 Rxf7 31. Re7 f3 32. gxf3 Bd2 33. Rxf7 Kh8 1-0

[Event "Ano Liosia op"]
[Site "Athens"]
[Date "1997.??.??"]
[Round "2"]
[White "Raptis, Georgios"]
[Black "Arakhamia Grant, Ketevan"]
[Result "0-1"]
[WhiteElo "2165"]
[BlackElo "2490"]
[PlyCount "106"]
[EventDate "1997.01.??"]
[EventType "swiss"]
[EventRounds "9"]
[EventCountry "GRE"]
[SourceTitle "EXT 1998"]
[Source "ChessBase"]
[SourceDate "1997.11.17"]
[SourceVersion "1"]
[SourceVersionDate "1997.11.17"]
[SourceQuality "1"]

1. d4 Nf6 2. Bg5 e6 3. e4 h6 4. Bxf6 Qxf6 5. g3 Nc6 6. c3 e5 7. d5 Bc5 8. Qf3 Ne7 9. Qxf6 gxf6 10. b4 Bb6 11. Nd2 f5 12. Bc4 d6 13. exf5 Bxf5 14. a4 a5 15. Ne2 Bh3 16. bxa5 Bxa5 17. Nb3 Bg2 18. Kd2 Bxh1 19. Rxh1 Bb6 20. f4 0-0 21. Ra1 Kg7 22. a5 Ba7 23. g4 f5 24. h3 Rab8 25. Re1 Ng6 26. gxf5 Nh4 27. Rf1 Nxf5 28. fxe5 Ne3 29. Rg1+ Kh8 30. Bd3 Nxd5 31. Rg6 Be3+ 32. Kc2 dxe5 33. Bc4 Rbd8 34. Re6 Bg5 35. Bxd5 Rxd5 36. c4 Rdd8 37. Rxe5 Rf2 38. Re4 Kh7 39. Kc3 Rf3+ 40. Kb4 Rxh3 41. Ned4 Re3 42. Rg4 Be7+ 43. c5 h5 44. Rf4 Kg6 45. Kb5 Bg5 46. Rf2 Bf6 47. Rg2+ Kh7 48. Rd2 h4 49. c6 bxc6+ 50. Kxc6 Rc3+ 51. Kb7 c5 52. a6 cxd4 53. Na5 Rd7+ 0-1

[Event "Kavala op 07th"]
[Site "Kavala"]
[Date "1997.??.??"]
[Round "6"]
[White "Raptis, Georgios"]
[Black "Certic, Branimir"]
[Result "0-1"]
[WhiteElo "2175"]
[BlackElo "2435"]
[PlyCount "110"]
[EventDate "1997.08.13"]
[EventType "swiss"]
[EventRounds "9"]
[EventCountry "GRE"]
[SourceTitle "EXT 2004"]
[Source "ChessBase"]
[SourceDate "2003.11.25"]
[SourceVersion "1"]
[SourceVersionDate "2003.11.25"]
[SourceQuality "1"]

1. Nf3 c6 2. b3 d6 3. Bb2 e5 4. c4 f5 5. e3 Na6 6. d3 Nf6 7. a3 Be7 8. b4 0-0 9. Be2 Ng4 10. 0-0 Bf6 11. e4 Qe8 12. h3 Nh6 13. Nh2 Nc7 14. Bh5 g6 15. Bf3 Ne6 16. Nc3 Nd4 17. Na4 Nxf3+ 18. Nxf3 Be6 19. Qc1 Nf7 20. Re1 Qd7 21. Kh2 Rae8 22. Qc2 b6 23. Rab1 d5 24. exd5 cxd5 25. Nxe5 Nxe5 26. Bxe5 Bxe5+ 27. Rxe5 dxc4 28. dxc4 Qc7 29. Rbe1 Bxc4 30. Qc3 Rxe5 31. Rxe5 Re8 32. f4 Rxe5 33. fxe5 Qc6 34. Qd4 Bf1 35. Qf2 Bb5 36. Nb2 Qc3 37. e6 Qe5+ 38. Qg3 Qxg3+ 39. Kxg3 Kg7 40. a4 Bc6 41. Kf4 Kf6 42. g3 g5+ 43. Ke3 Kxe6 44. Kd4 h5 45. b5 Bg2 46. h4 f4 47. Nd3 fxg3 48. hxg5 Bf1 49. Nf4+ Kf5 50. Ke3 Kxg5 51. Kf3 Kh4 52. Ng6+ Kh3 53. Nf4+ Kh2 54. a5 bxa5 55. b6 axb6 0-1

[Event "Ano Liosia op"]
[Site "Athens"]
[Date "1997.??.??"]
[Round "7"]
[White "Raptis, Georgios"]
[Black "Grivas, Efstratios"]
[Result "0-1"]
[WhiteElo "2165"]
[BlackElo "2510"]
[PlyCount "48"]
[EventDate "1997.01.??"]
[EventType "swiss"]
[EventRounds "9"]
[EventCountry "GRE"]
[SourceTitle "EXT 1998"]
[Source "ChessBase"]
[SourceDate "1997.11.17"]
[SourceVersion "1"]
[SourceVersionDate "1997.11.17"]
[SourceQuality "1"]

1. d4 Nf6 2. Nc3 d5 3. Bg5 Nbd7 4. g3 h6 5. Bxf6 Nxf6 6. Bg2 c6 7. e3 Bf5 8. Nge2 e6 9. h3 Be7 10. Nf4 c5 11. Qe2 cxd4 12. exd4 Rc8 13. Qb5+ Qd7 14. Qxd7+ Nxd7 15. Rc1 Bb4 16. Nfe2 0-0 17. g4 Bh7 18. Kd1 Nb6 19. Nb1 Nc4 20. c3 Nxb2+ 21. Kd2 Nc4+ 22. Kd1 Bd6 23. h4 Rc6 24. Rh3 Rb6 0-1

[Event "Athens Akropolis op"]
[Site "Athens"]
[Date "1997.??.??"]
[Round "3"]
[White "Raptis, Georgios"]
[Black "Nedev, Trajce"]
[Result "0-1"]
[WhiteElo "2175"]
[BlackElo "2445"]
[PlyCount "64"]
[EventDate "1997.??.??"]
[EventType "swiss"]
[EventRounds "9"]
[EventCountry "GRE"]
[SourceTitle "EXT 2001"]
[Source "ChessBase"]
[SourceDate "2000.11.22"]
[SourceVersion "1"]
[SourceVersionDate "2000.11.22"]
[SourceQuality "1"]

1. d4 Nf6 2. Bg5 c5 3. dxc5 Na6 4. Nd2 Nxc5 5. e3 Nfe4 6. h4 Qb6 7. Nxe4 Nxe4 8. Qd4 Qa5+ 9. c3 Nxg5 10. hxg5 Qxg5 11. Qe4 f5 12. Qe5 Qf6 13. Qh2 d6 14. g4 fxg4 15. Bb5+ Kf7 16. Bc4+ e6 17. 0-0-0 d5 18. Rd4 g5 19. Bd3 h5 20. f3 Bc5 21. Qc7+ Qe7 22. Qe5 Qf6 23. Qc7+ Qe7 24. Qe5 Bxd4 25. exd4 Bd7 26. fxg4 Qf6 27. Nf3 hxg4 28. Nxg5+ Ke7 29. Rf1 Qxe5 30. dxe5 Raf8 31. Rg1 Rh4 32. Be2 Rf5 0-1

[Event "Chalkida op 2nd"]
[Site "Chalkida"]
[Date "1997.??.??"]
[Round "?"]
[White "Raptis, Georgios"]
[Black "Petraki, Maria"]
[Result "1/2-1/2"]
[WhiteElo "2165"]
[BlackElo "2040"]
[PlyCount "197"]
[EventDate "1997.08.??"]
[EventType "swiss"]
[EventRounds "9"]
[EventCountry "GRE"]
[SourceTitle "EXT 2003"]
[Source "ChessBase"]
[SourceDate "2002.11.25"]
[SourceVersion "1"]
[SourceVersionDate "2002.11.25"]
[SourceQuality "1"]

1. d4 Nf6 2. Bg5 e6 3. Nd2 h6 4. Bh4 c5 5. e3 Be7 6. dxc5 Bxc5 7. c4 Nc6 8. a3 Be7 9. Qc2 d5 10. Nb3 0-0 11. Nf3 Ne4 12. Bxe7 Qxe7 13. Rd1 Rd8 14. cxd5 exd5 15. Nbd4 Bg4 16. Be2 Nxd4 17. Rxd4 Rac8 18. Qd1 Qc5 19. 0-0 Be6 20. Bd3 Nd6 21. Ne5 Nf5 22. Nxf7 Kxf7 23. Qf3 Ke7 24. Bxf5 Rf8 25. Rf4 Bxf5 26. Rxf5 Rxf5 27. Qxf5 Rf8 28. Qg4 Rf7 29. Qh4+ Rf6 30. h3 Qc4 31. Qg3 Kf7 32. Qb8 Rb6 33. b4 a6 34. Rd1 Qc6 35. Rd4 Qe6 36. Rf4+ Kg6 37. Qc7 Kh7 38. Rf7 Qg6 39. Kh2 Rf6 40. Rxf6 Qxf6 41. Qc2+ Kg8 42. g3 d4 43. Kg2 dxe3 44. Qb3+ Kh7 45. Qxe3 b5 46. Qe4+ Kg8 47. h4 Qd6 48. g4 Qf6 49. Qd5+ Kh8 50. Kg3 Qc3+ 51. Qf3 Qe5+ 52. Kg2 Qd6 53. Qa8+ Kh7 54. Qe4+ Kg8 55. g5 hxg5 56. hxg5 g6 57. Kh3 Kg7 58. f4 Qd1 59. Kg2 Qd2+ 60. Kf3 Qc3+ 61. Qe3 Qc6+ 62. Ke2 Qc2+ 63. Kf3 Qc6+ 64. Kf2 Qc2+ 65. Kg3 Qc6 66. Qe7+ Kg8 67. Qc5 Qe4 68. Qc8+ Kf7 69. Qc3 Qb1 70. Kf3 Qh1+ 71. Kf2 Qh2+ 72. Ke1 Qxf4 73. Qb3+ Ke7 74. Qd5 Qc1+ 75. Ke2 Qc2+ 76. Ke3 Qc1+ 77. Kf2 Qf4+ 78. Ke2 Qh2+ 79. Ke3 Qg1+ 80. Kf4 Qh2+ 81. Ke3 Qg1+ 82. Kd2 Qf2+ 83. Kd3 Qf1+ 84. Kc3 Qe1+ 85. Kb2 Qf2+ 86. Kc1 Qe1+ 87. Kc2 Qe2+ 88. Kb1 Qe1+ 89. Kc2 Qe2+ 90. Kc3 Qe1+ 91. Kd4 Qf2+ 92. Ke4 Qg2+ 93. Kd4 Qf2+ 94. Kd3 Qf1+ 95. Ke3 Qe1+ 96. Kf4 Qh4+ 97. Ke3 Qe1+ 98. Kf4 Qf2+ 99. Ke4 1/2-1/2

[Event "Ikaria op"]
[Site "Ikaria"]
[Date "1997.??.??"]
[Round "?"]
[White "Skalkotas, Nikolaos"]
[Black "Raptis, Georgios"]
[Result "1-0"]
[WhiteElo "2315"]
[BlackElo "2165"]
[PlyCount "61"]
[EventDate "1997.??.??"]
[EventType "swiss"]
[EventRounds "9"]
[EventCountry "GRE"]
[SourceTitle "EXT 2003"]
[Source "ChessBase"]
[SourceDate "2002.11.25"]
[SourceVersion "1"]
[SourceVersionDate "2002.11.25"]
[SourceQuality "1"]

1. c4 e5 2. Nc3 Nf6 3. Nf3 e4 4. Ng5 b5 5. d3 bxc4 6. dxe4 h6 7. Nf3 Bb7 8. e5 Ne4 9. Nxe4 Bxe4 10. Qd4 Bxf3 11. exf3 Nc6 12. Qe4 Bb4+ 13. Bd2 Rb8 14. Bxb4 Rxb4 15. Bxc4 Rxb2 16. 0-0 Rb4 17. Rad1 Qe7 18. a3 Rb6 19. Rfe1 0-0 20. Bd3 g6 21. f4 Qc5 22. Bc4 Na5 23. Bf1 Rb2 24. Re3 d6 25. Rd5 Qb6 26. f5 Kh7 27. exd6 cxd6 28. fxg6+ fxg6 29. Qe7+ Kg8 30. Rxd6 Rbxf2 31. Bd3 1-0

[Event "Ikaria op"]
[Site "Ikaria"]
[Date "1997.??.??"]
[Round "?"]
[White "Tzermiadianos, Andreas"]
[Black "Raptis, Georgios"]
[Result "1-0"]
[WhiteElo "2370"]
[BlackElo "2165"]
[PlyCount "49"]
[EventDate "1997.??.??"]
[EventType "swiss"]
[EventRounds "9"]
[EventCountry "GRE"]
[SourceTitle "EXT 2003"]
[Source "ChessBase"]
[SourceDate "2002.11.25"]
[SourceVersion "1"]
[SourceVersionDate "2002.11.25"]
[SourceQuality "1"]

1. e4 c5 2. c3 Nf6 3. e5 Nd5 4. Nf3 d6 5. d4 cxd4 6. Bc4 Nb6 7. Bb3 Nc6 8. exd6 Qxd6 9. 0-0 Be6 10. Na3 a6 11. Bxe6 Qxe6 12. Nxd4 Nxd4 13. Qxd4 Rd8 14. Qh4 Qe2 15. Be3 Rd6 16. Qb4 Nd5 17. Qxb7 f5 18. Qc8+ Rd8 19. Qc6+ Kf7 20. Nc4 e6 21. Rfe1 Qh5 22. Ne5+ Kf6 23. Bd4 Nf4 24. Nf3+ Kf7 25. Qc7+ 1-0

[Event "Kavala op 05th"]
[Site "Kavala"]
[Date "1995.??.??"]
[Round "4"]
[White "Amendola, Konstantinos"]
[Black "Raptis, Georgios"]
[Result "1/2-1/2"]
[WhiteElo "2200"]
[BlackElo "2220"]
[PlyCount "83"]
[EventDate "1995.??.??"]
[EventType "swiss"]
[EventRounds "9"]
[EventCountry "GRE"]
[SourceTitle "EXT 1997"]
[Source "ChessBase"]
[SourceDate "1996.11.15"]
[SourceVersion "1"]
[SourceVersionDate "1996.11.15"]
[SourceQuality "1"]

1. Nf3 d5 2. g3 Nc6 3. Bg2 Bg4 4. h3 Bxf3 5. exf3 g6 6. d4 Bg7 7. c3 e6 8. 0-0 Nge7 9. h4 Nf5 10. Re1 h6 11. Na3 0-0 12. Nc2 Rc8 13. Ne3 Nce7 14. Bh3 c5 15. Nxf5 Nxf5 16. Bxf5 gxf5 17. Be3 cxd4 18. Bxd4 Rc4 19. Bxg7 Kxg7 20. f4 Kh7 21. Qd2 Rg8 22. b3 Rc6 23. Kh2 Qf6 24. Rac1 Rgc8 25. Re5 Qe7 26. Qd3 Qc5 27. Rc2 Qa5 28. Re3 Qc7 29. Qd4 a6 30. Qf6 Rf8 31. Rce2 Qd8 32. Qd4 b5 33. a4 bxa4 34. Qxa4 Qb6 35. Qa3 Qc5 36. Qa4 Rfc8 37. Qa1 Qf8 38. c4 dxc4 39. bxc4 Qg7 40. Qxg7+ Kxg7 41. Ra3 h5 42. Rea2 1/2-1/2

[Event "Athens VAR"]
[Site "Athens"]
[Date "1994.??.??"]
[Round "?"]
[White "Koerant, Filipos"]
[Black "Raptis, Georgios"]
[Result "1-0"]
[WhiteElo "2160"]
[BlackElo "2290"]
[PlyCount "74"]
[EventDate "1994.??.??"]
[EventType "swiss"]
[EventRounds "7"]
[EventCountry "GRE"]
[SourceTitle "EXT 2003"]
[Source "ChessBase"]
[SourceDate "2002.11.25"]
[SourceVersion "1"]
[SourceVersionDate "2002.11.25"]
[SourceQuality "1"]

1. d4 d6 2. c4 e5 3. Nf3 Nd7 4. Nc3 Be7 5. g3 Ngf6 6. Bg2 c6 7. 0-0 Qc7 8. h3 Nf8 9. Be3 Ng6 10. Rc1 h5 11. h4 exd4 12. Bxd4 Ne5 13. Na4 Be6 14. Ng5 Nfg4 15. Nxe6 fxe6 16. f4 Nf7 17. Qd3 0-0-0 18. Bxa7 Qa5 19. Nb6+ Kc7 20. Qa3 Qc5+ 21. Qxc5 dxc5 22. Na4 Ra8 23. Bb6+ Kb8 24. b3 Ne3 25. Rf3 Nf5 26. Rd3 Nd4 27. Kf2 Bd6 28. e3 Nf5 29. Rcd1 Ra6 30. Be4 N7h6 31. Bxf5 Nxf5 32. R3d2 Be7 33. Bxc5 Rxa4 34. Bxe7 Ra8 35. Bb4 Nh6 36. a4 Ng4+ 37. Kf3 Re8 1-0

[Event "Athens VAR"]
[Site "Athens"]
[Date "1994.??.??"]
[Round "?"]
[White "Raptis, Georgios"]
[Black "Koerant, Filipos"]
[Result "1-0"]
[WhiteElo "2290"]
[BlackElo "2160"]
[PlyCount "69"]
[EventDate "1994.??.??"]
[EventType "swiss"]
[EventRounds "7"]
[EventCountry "GRE"]
[SourceTitle "EXT 2003"]
[Source "ChessBase"]
[SourceDate "2002.11.25"]
[SourceVersion "1"]
[SourceVersionDate "2002.11.25"]
[SourceQuality "1"]

1. d4 d5 2. Nf3 e6 3. Bg5 Be7 4. Bxe7 Nxe7 5. c4 c6 6. e3 0-0 7. Bd3 dxc4 8. Bxc4 b5 9. Bd3 a6 10. Nbd2 Nd7 11. Rc1 Bb7 12. 0-0 c5 13. dxc5 Rc8 14. b4 Nxc5 15. Bxh7+ Kxh7 16. bxc5 Qd5 17. Qc2+ Kg8 18. e4 Qh5 19. Qb3 Rxc5 20. Qa3 Rfc8 21. h3 b4 22. Qb2 a5 23. Rfe1 Rc3 24. Rxc3 Rxc3 25. Nf1 Qc5 26. Qd2 Rc2 27. Qd8+ Kh7 28. N1d2 f6 29. Re3 Rc1+ 30. Nf1 Ba6 31. N3d2 Qb5 32. Qxe7 Rxf1+ 33. Nxf1 Qxf1+ 34. Kh2 Qxf2 35. Rg3 1-0